| 000 | 00712nam a2200217 a 4500 | ||
|---|---|---|---|
| 001 | 000032187 | ||
| 003 | DO-SdBNP | ||
| 005 | 20240506134159.0 | ||
| 007 | ta | ||
| 008 | 110713s1983 dr 000 0 spa d | ||
| 040 |
_aDO-SdBNP _bspa _cBNPHU |
||
| 082 | 4 |
_a927.5 _bM647f _222 |
|
| 100 | 1 |
_aMiller, Jeannette, _d1944- _983484 |
|
| 245 | 1 | 0 |
_aFernando Peña Defilló : _bdesde el origen hacia la libertad / _cJeannette Miller ; presentación Rosa Meléndez de Peña Gómez. |
| 260 |
_aSanto Domingo : _bAmigo del Hogar, _c1983. |
||
| 300 |
_a161 p. : _bil., retrs. ; _c27 cm. |
||
| 590 | _aInventariado, 2022/BT | ||
| 700 | 1 |
_aMeléndez de Peña Gómez, Rosa, _epról. _958267 |
|
| 910 | _aBT | ||
| 942 |
_2ddc _cLBS1 |
||
| 999 |
_c31678 _d31678 |
||